Pays ayant le plus long réseau ferroviaire d'Europe - Statistiques

Statistiques générales
  • Ce quiz a été pris 178 fois
    90 depuis la dernière actualisation
  • Le résultat moyen est 13 sur 15
Statistiques - réponses
Longueur (km) Pays % Correct
27 057 France
100%
39 799 Allemagne
99%
16 280 Espagne
99%
16 832 Italie
99%
85 200 Russie
99%
16 316 Royaume-Uni
95%
19 287 Pologne
92%
5 603 Autriche
90%
5 918 Finlande
90%
10 912 Suède
90%
4 122 Suisse
90%
10 764 Roumanie
81%
9 523 République tchèque
80%
7 889 Hongrie
76%
4 031 Bulgarie
70%
Aucun quiz correspondant
Distribution des résultats
% des personnes avec chaque résultat
Percentile par nombre de réponses
Votre historique - résultats
Vous n’avez pas pris ce quiz depuis la dernière actualisation